000 00479nam a2200181Ia 4500
001 22265
005 20260414150819.0
008 260414t2013||||xx |||||||||||||| ||spa||
041 _aESP
082 _a621.3
_bM86
100 _aMorales Santiago, Gregorio
_eAUT
245 0 _aGestión del montaje y del mantenimiento de instalaciones eléctricas
_b
260 _c2013
300 _aix, 162 páginas :
_c27 cm.
650 _aTCA
654 _aCET
942 _cLIB
_dJUS
_fJUS
_2ddc
_n
999 _c22265
_d22265